|
|
|
|
| LEADER |
00000nab a2200000 a 4500 |
| 001 |
vtls000908073 |
| 003 |
SK-MaSNL |
| 005 |
20260303202823.0 |
| 008 |
040720e20010924xo 0 slo |
| 035 |
|
|
|a KE17007
|
| 040 |
|
|
|a KEVKJB
|b slo
|c KEVKJB
|e AACR2
|
| 041 |
0 |
|
|a slo
|
| 044 |
|
|
|a xo
|c SK
|
| 080 |
|
|
|a 797.25
|2 1981
|
| 110 |
2 |
|
|a Tlačová agentúra Slovenskej republiky
|4 aut
|9 177619
|
| 245 |
0 |
0 |
|a Pólistky ŠKP v lige na bronzovom stupienku
|
| 300 |
|
|
|b 1 foto
|
| 610 |
2 |
7 |
|a ŠKP Košice
|2 KEVKJB
|9 877485
|
| 650 |
0 |
7 |
|a vodné pólo
|2 KEVKJB
|9 3219
|
| 650 |
0 |
7 |
|a liga 1.
|2 KEVKJB
|9 876089
|
| 650 |
0 |
7 |
|a ženy
|2 KEVKJB
|9 4865
|
| 650 |
0 |
7 |
|a miesto 3.
|2 KEVKJB
|9 879787
|
| 650 |
0 |
7 |
|a výsledky
|2 KEVKJB
|9 493505
|
| 651 |
|
7 |
|a Košice (Slovensko)
|2 KEVKJB
|9 18694
|
| 651 |
|
7 |
|a Košice (Slovensko)
|2 KEVKJB
|9 18694
|
| 651 |
|
7 |
|a KE,
|2 KEVKJB
|9 877256
|
| 655 |
|
7 |
|a periodikum
|2 snkbucl
|9 29553
|
| 710 |
2 |
|
|a ŠKP Košice
|4 aut
|9 877485
|
| 773 |
0 |
8 |
|t Košický denník Korzár
|g Roč. 4, č.219, 24.9.2001, s. 8
|x 1335-4566
|
| 773 |
0 |
8 |
|i Príl.:
|t Šport
|
| 852 |
|
|
|a ZVYKNI
|b KIS3GCP
|
| 999 |
|
|
|c 2182001
|d 2183931
|